000 01453nam a2200373 i 4500
001 194986
003 SpMaBN
005 20250825062737.0
007 ta
008 240523s2017 sp a o000 0bspa
017 _aBA 259-2017
_bOficina Depósito Legal Badajoz
035 _aa6062894
040 _aSpMaBN
_bspa
_cSpMaBN
_erdc
_dES-MaACL
080 _a929 Aparicio Quintana, Juan
080 _a75 Aparicio Quintana, Juan
100 1 _aCarmona Cerrato, Julio
_0XX1105751
_9236607
245 1 0 _aJuan Aparicio Quintana :
_bretrato del hombre en el marco de su tiempo /
_cJulio Carmona Cerrato.
250 _a1ª ed.
260 _aDon Benito, Badajoz :
_bAyuntamiento de Don Benito, Concejalía de Cultura,
_c2017.
300 _a200 p. :
_bil. col. ;
_c24 cm
336 _aTexto (visual)
_2isbdcontent
337 _asin mediación
_2isbdmedia
338 _2rdacarrier
_avolumen
500 _aCatalogación provisional. Signatura: N 8652. Depósito J.
504 _aBibliografía: p. 197-200
600 1 7 _aAparicio Quintana, Juan,
_d1907-1964
_2embne
_9236608
655 0 _aBiografías
_9176647
852 _aES-MaACL
_bR.152517
_cDEPOJ
_jN-8652
_hDonación: Editorial
_9202636
_zEn proceso
942 _n0
_cMONOGRAFIA
999 _c194986
_d194986